000
00244nam a2200109 4500
082
_a
PRA
100
_a
Prasad, I.B.
245
_a
A Textbook of Applied Mechanics
260
_a
India:
_b
Khanna Publishers,
_c
1996.
300
_a
1223p. ;
942
_c
BK
999
_c
9185
_d
9185